Giáo dục quốc phòng - an ninh 12
Sách giới thiệu về đội ngũ đơn vị, một số hiểu biết về nền quốc phòng toàn dân, an ninh nhân dân, tổ chức quân đội và công an nhân dân, ...
Bewaard in:
| Hoofdauteur: | |
|---|---|
| Formaat: | Boek |
| Taal: | Undetermined |
| Gepubliceerd in: |
Hà Nội
Giáo dục Việt Nam
2020
|
| Onderwerpen: | |
| Tags: |
Voeg label toe
Geen labels, Wees de eerste die dit record labelt!
|
| Thư viện lưu trữ: | Trung tâm Học liệu Trường Đại học Cần Thơ |
|---|
| LEADER | 00926nam a2200217Ia 4500 | ||
|---|---|---|---|
| 001 | CTU_238899 | ||
| 008 | 210402s9999 xx 000 0 und d | ||
| 020 | |c 11000 | ||
| 082 | |a 373.24 | ||
| 082 | |b Th116 | ||
| 100 | |a Đặng, Đức Thắng | ||
| 245 | 0 | |a Giáo dục quốc phòng - an ninh 12 | |
| 245 | 0 | |c Đặng Đức Thắng (Tổng chủ biên) | |
| 260 | |a Hà Nội | ||
| 260 | |b Giáo dục Việt Nam | ||
| 260 | |c 2020 | ||
| 520 | |a Sách giới thiệu về đội ngũ đơn vị, một số hiểu biết về nền quốc phòng toàn dân, an ninh nhân dân, tổ chức quân đội và công an nhân dân, ... | ||
| 650 | |a Military education,Giáo dục quốc phòng | ||
| 650 | |x Study and teaching (Secondary),Dạy và học (Trung học) | ||
| 904 | |i Hải | ||
| 980 | |a Trung tâm Học liệu Trường Đại học Cần Thơ | ||